Trouve les 500 Clubs de Football - Statistiques

Statistiques générales
  • Ce quiz a été pris 266 fois
  • Le résultat moyen est 100 sur 500
Statistiques - réponses
Hint Réponse % Correct
P - France - Ligue 1 PSG
77%
L - France - Ligue 1 Lyon
72%
M - France - Ligue 1 Marseille
72%
A - Arabie Saoudite - Saudi Pro League Al Nassr
71%
A - Arabie Saoudite - Saudi Pro League Al Hilal
68%
R - France - Ligue 1 Rennes
66%
A - France - Ligue 1 Angers
65%
A - Angleterre - PremierLeague Arsenal
65%
A - France - Ligue 1 Auxerre
65%
B - Espagne - Liga Santander Barcelone
65%
L - France - Ligue 1 Lille
65%
M - Angleterre - Premier League Manchester United
64%
R - Espagne - LigaSantander Real Madrid
64%
M - Angleterre - Premier League Manchester City
63%
A - Italie - Serie A AC Milan
62%
B - Allemagne - Bundesliga Bayern
62%
I - Italie - Serie A Inter Milan
62%
L - France - Ligue 1 Lens
62%
B - Portugal -Liga NOS Benfica
61%
S - France - Ligue 1 Strasbourg
61%
A - Espagne - LigaSantander Atletico Madrid
60%
J - Italie - Serie A Juventus
60%
N - France - Ligue 1 Nantes
60%
A - Pays-Bas - Eredivisie Ajax
59%
P - Portugal - Liga NOS Porto
59%
T - France - Ligue 1 Toulouse
59%
A - France - Ligue 2 Ajaccio
58%
B - France - Ligue 1 Brest
58%
C - Angleterre - PremierLeague Chelsea
58%
M - France - Ligue 1 Monaco
58%
M - France - Ligue 1 Montpellier
58%
S - France - Ligue 1 Saint-Etienne
58%
N - France - Ligue 1 Nice
57%
L - Angleterre - PremierLeague Liverpool
56%
A - France - Ligue 2 Amiens
55%
D - Allemagne - Bundesliga Dortmund
55%
M - France - Ligue 2 Metz
55%
P - France - Ligue 2 Paris FC
55%
R - France - Ligue 1 Reims
55%
R - Italie - Serie A Rome
55%
S - Espagne - LigaSantander Séville
54%
T - Angleterre - PremierLeague Tottenham
54%
A - Angleterre - Premier League Aston Villa
53%
C - Ecosse - Scottish Premiership Celtic
52%
N - Italie - Serie A Naples
52%
L - France - Ligue 2 Lorient
51%
L - Italie - Serie A Lazio
50%
B - France - Ligue 2 Bastia
49%
B - Espagne - LigaSantander Betis
48%
L - France - Ligue 1 Le Havre
48%
S - Portugal - Liga NOS Sporting
48%
V - Espagne - LigaSantander Valence
48%
W - Angleterre - PremierLeague West Ham
47%
C - France - Ligue 2 Caen
46%
C - France - Ligue 2 Clermont
46%
N - Angleterre - PremierLeague Newcastle
46%
G - Turquie - Süper Lig Galatasaray
45%
L - Etats-Unis - MLS Los Angeles
45%
R - Espagne - LigaSantander Real Sociedad
45%
B - Portugal - Liga NOS Braga
44%
I - Etats-Unis - MLS Inter Miami
43%
L - Allemagne - Bundesliga Leipzig
43%
A - Belgique - Jupiler ProLeague Anderlecht
42%
B - Angleterre - PremierLeague Brighton
42%
C - Allemagne - Bundesliga 2 Cologne
42%
D - France - Ligue 2 Dunkerque
42%
L - Allemagne - Bundesliga Leverkusen
42%
V - Italie - Serie A Venise
42%
A - Espagne - Liga Santander Athletic Bilbao
41%
S - Allemagne - Bundesliga Stuttgart
41%
A - Italie - Serie A Atalanta
40%
B - Italie - Serie A Bologne
40%
E - Espagne - LigaSantander Espanyol
40%
F - Italie - Serie A Fiorentina
40%
S - Angleterre - Championship Sunderland
40%
T - France - Ligue 2 Troyes
40%
A - France - Ligue 2 Annecy
39%
B - Argentine - PrimeraDivision Boca Juniors
39%
F - Turquie - Süper Lig Fenerbahce
39%
G - France - Ligue 2 Grenoble
39%
L - Angleterre - Championship Leeds
39%
L - Angleterre - PremierLeague Leicester
39%
V - Espagne - LigaSantander Villarreal
39%
A - Arabie Saoudite - Saudi Pro League Al Ittihad
38%
A - Etats-Unis - MLS Atlanta
38%
B - Turquie - Süper Lig Besiktas
38%
C - Angleterre - PremierLeague Crystal Palace
38%
E - Angleterre - Premier League Everton
38%
G - Ecosse - Scottish Premiership Glasgow Rangers
38%
R - France - Ligue 2 Red Star
38%
S - Allemagne - Bundesliga 2 Schalke
38%
S - Angleterre - PremierLeague Southampton
38%
T - Italie - Serie A Torino
38%
B - Angleterre - Premier League Bournemouth
37%
C - Italie - Serie A Come
37%
F - Pays-Bas - Eredivisie Feyenoord
37%
F - Allemagne - Bundesliga Francfort
37%
G - France - Ligue 2 Guingamp
37%
H - Allemagne - Bundesliga 2 Hambourg
37%
M - Suède - Allsvenkan Malmo
37%
N - Etats-Unis - MLS New York City
37%
Y - Suisse - Super League Young Boys
37%
A - Arabie Saoudite - Saudi Pro League Al Ahli
36%
N - Angleterre - PremierLeague Nottingham Forest
36%
B - Angleterre - League One Birmingham
35%
C - Espagne - LigaSantander Celta Vigo
35%
C - Danemark - Superligaen Copenhague
35%
U - Allemagne - Bundesliga Union Berlin
35%
W - Autriche - Bundesliga Wolfsberg
35%
W - Allemagne - Bundesliga Wolfsbourg
35%
R - Argentine - PrimeraDivision River Plate
34%
F - Angleterre - PremierLeague Fulham
33%
O - Grèce - Superleague Olympiakos
33%
A - Grèce - Super League AEK Athènes
32%
B - Suisse - Super League Bale
32%
B - Angleterre - PremierLeague Brentford
32%
G - Italie - Serie A Genoa
32%
G - Espagne - Liga Santander Getafe
32%
P - Italie - Serie A Parme
32%
P - France - Ligue 2 Pau
32%
P - Pays-Bas - Eredivisie PSV Eindhoven
32%
W - Allemagne - Bundesliga Werder Breme
32%
C - Italie - Serie A Cagliari
31%
E - Serbie - Jelen Superliga Étoile Rouge
31%
G - Espagne - Liga Santander Girona
31%
M - Allemagne - Bundesliga Mayence
31%
A - Espagne - LigaSantander Alaves
30%
D - Ukraine - Premier League Dynamo Kiev
30%
G - Belgique - JupilerPro League Genk
30%
L - France - Ligue 2 Laval
30%
M - Espagne - LigaHypermotion Malaga
30%
R - France - Ligue 2 Rodez
30%
A - Ecosse - ScottishPremiership Aberdeen
29%
B - Angleterre - Championship Burnley
29%
M - Allemagne - Bundesliga Monchengladbach
29%
T - Argentine - PrimeraDivision Tigre
29%
B - Portugal - Liga NOS Boavista
28%
D - Croatie - HNL Dinamo Zagreb
28%
H - Allemagne - Bundesliga 2 Hertha Berlin
28%
H - Allemagne - Bundesliga Hoffenheim
28%
P - Italie - Serie B Palerme
28%
S - République Tchèque - Chance Liga Slavia Prague
28%
S - République Tchèque - Chance Liga Sparta Prague
28%
U - Italie - Serie A Udinese
28%
B - Italie - Serie B Bari
27%
F - Brésil - Série A Flamengo
27%
M - Espagne - LigaSantander Majorque
27%
O - Etats-Unis - MLS Orlando
27%
S - Italie - Serie B Sampdoria
27%
A - Chypre - Cyprus League APOEL
26%
F - Allemagne - Bundesliga Fribourg
26%
L - Espagne - Liga Santander Las Palmas
26%
N - Allemagne - Bundesliga 2 Nuremberg
26%
P - Grèce - Superleague Panathinaikos
26%
R - Espagne - LigaSantander Rayo Vallecano
26%
S - Italie - Serie B Sassuolo
26%
A - Pays-Bas - Eredivisie AZ Alkmaar
25%
C - Angleterre - Championship Cardiff
25%
C - Russie - Premier League CSKA Moscou
25%
L - Italie - Serie A Lecce
25%
L - Espagne - Liga Hypermotion Levante
25%
O - Espagne - Liga Santander Osasuna
25%
S - Brésil - Série A São Paulo
25%
A - Turquie - Süper Lig Antalyaspor
24%
A - Belgique - Jupiler Pro League Antwerp
24%
R - Autriche - Bundesliga RB Salzburg
24%
S - Angleterre - Championship Sheffield United
24%
Z - Russie - PremierLeague Zénith Saint-Pétersbourg
24%
P - Italie - Serie B Pise
23%
R - Autriche - Bundesliga Rapid Vienne
23%
A - Arabie Saoudite - Saudi Pro League Al Ettifaq
22%
A - Allemagne - Bundesliga Augsbourg
22%
A - Autriche - Bundesliga Austria Vienne
22%
B - Brésil - Série A Botafogo
22%
G - Espagne - Liga Hypermotion Gijon
22%
H - Italie - Serie A Hellas Verone
22%
M - France - Ligue 2 Martigues
22%
U - Belgique - JupilerPro League Union Saint-Gilloise
22%
A - Espagne - LigaHypermotion Almeria
21%
B - Belgique - JupilerPro League Brugge
21%
B - Roumanie - Superliga Bucarest
21%
D - Etats-Unis - MLS Dallas
21%
F - Brésil - Série A Fluminense
21%
G - Espagne - Liga Hypermotion Grenade
21%
L - Belgique - JupilerPro League La Gantoise
21%
N - Angleterre - Championship Norwich
21%
P - Grèce - Superleague PAOK
21%
V - Espagne - LigaSantander Valladolid
21%
E - Espagne - LigaHypermotion Elche
20%
I - Angleterre - PremierLeague Ipswich Town
20%
S - Russie - PremierLeague Spartak Moscou
20%
S - Autriche - Bundesliga Sturm Graz
20%
T - Turquie - Süper Lig Trabzonspor
20%
C - Belgique - JupilerPro League Cercle Bruges
19%
F - Hongrie - OTP Bank Liga Ferencvaros
19%
H - Etats-Unis - MLS Houston
19%
L - Etats-Unis - MLS Los Angeles Galaxy
19%
M - Italie - Serie A Monza
19%
S - Angleterre - Championship Swansea
19%
T - Etats-Unis - MLS Toronto
19%
A - Etats-Unis - MLS Austin
18%
B - Allemagne - Bundesliga Bochum
18%
C - Belgique - JupilerPro League Charleroi
18%
C - Etats-Unis - MLS Chicago Fire
18%
D - Angleterre - Championship Derby County
18%
H - Allemagne - Bundesliga 2 Hanovre
18%
K - Allemagne - Bundesliga 2 Kaiserslautern
18%
L - Angleterre - Championship Luton Town
18%
O - Angleterre - Championship Oxford
18%
P - Brésil - Série A Palmeiras
18%
P - Angleterre - Championship Portsmouth
18%
Q - Azerbaïdjan - Premyer Liqasi Qarabag
18%
Q - Angleterre - Championship Queens Park Rangers
18%
S - Angleterre - Championship Sheffield Wednesday
18%
S - Belgique - JupilerPro League Standard de Liège
18%
S - Australie - A League Sydney
18%
U - Pays-Bas - Eredivisie Utrecht
18%
C - Angleterre - League One Charlton
17%
E - Italie - Serie A Empoli
17%
G - Portugal - Liga NOS Guimaraes
17%
L - Espagne - Liga Santander Leganes
17%
L - Russie - Premier League Lokomotiv Moscou
17%
T - Pays-Bas - Eredivisie Twente
17%
W - Angleterre - Championship Watford
17%
B - Angleterre - Championship Blackburn
16%
B - Angleterre - League One Bolton
16%
C - Angleterre - Championship Coventry
16%
D - Allemagne - Bundesliga 2 Dusseldorf
16%
D - Russie - Premier League Dynamo Moscou
16%
H - Finlande - Veikkausliiga Helsinki
16%
L - Bulgarie - BPFL Ludogorets
16%
R - Argentine - Primera Division Racing
16%
S - Pays-Bas - Eredivisie Sparta Rotterdam
16%
T - Espagne - LigaHypermotion Tenerife
16%
B - Norvège - Eliteserien Bodo Glimt
15%
D - Ecosse - ScottishPremiership Dundee
15%
H - Angleterre - Championship Hull City
15%
K - Russie - Premier League Krasnodar
15%
L - Suisse - Super League Lausanne
15%
M - Norvège - Eliteserien Molde
15%
M - Mexique - Liga MX Monterrey
15%
P - Serbie - Jelen SuperLiga Partizan
15%
R - Espagne - LigaHypermotion Real Saragosse
15%
R - Portugal - Liga NOS Rio Ave
15%
S - Etats-Unis - MLS Seattle Sounders
15%
S - Angleterre - Championship Stoke City
15%
C - Espagne - LigaHypermotion Cadix
14%
C - Roumanie - Superliga Cluj
14%
C - Brésil - Série A Corinthians
14%
I - Turquie - Süper Lig Istanbul Basaksehir
14%
M - Israël - Ligat ha'Al Maccabi Haïfa
14%
M - Etats-Unis - MLS Montréal
14%
R - Espagne - LigaHypermotion Real Oviedo
14%
S - Suisse - Super League Servette
14%
A - Arabie Saoudite - Saudi Pro League Al Shabab
13%
B - Biélorussie - Vycheïchaïa Liha BATE Borisov
13%
C - Etats-Unis - MLS Charlotte
13%
D - Arabie Saoudite - Saudi Pro League Damac
13%
G - Brésil - Série A Gremio
13%
G - Pays-Bas - Eredivisie Groningen
13%
M - Angleterre - Championship Millwall
13%
P - Angleterre - Championship Preston
13%
R - Norvège - Eliteserien Rosenborg
13%
S - Bulgarie - PFG Sofia
13%
W - Angleterre - League One Wrexham
13%
A - Australie - A League Adelaide
12%
A - Espagne - Liga Hypermotion Albacete
12%
B - Italie - Serie B Brescia
12%
B - Australie - A League Brisbane
12%
B - Hongrie - OTP Bank Liga Budapest
12%
C - Etats-Unis - MLS Cincinnati
12%
E - Espagne - LigaHypermotion Eibar
12%
H - Croatie - HNL Hajduk Split
12%
H - Allemagne - Bundesliga Heidenheim
12%
H - Angleterre - League One Huddersfield
12%
M - Biélorussie - VycheïchaïaLiha Minsk
12%
N - Etats-Unis - MLS New York Red Bull
12%
S - Allemagne - Bundesliga Saint Pauli
12%
V - République Tchèque - Chance Liga Viktoria Plzen
12%
W - Angleterre - League One Wigan
12%
B - Angleterre - League One Blackpool
11%
B - Angleterre - Championship Bristol City
11%
C - Italie - Serie B Cremonese
11%
N - Etats-Unis - MLS Nashville
11%
S - Italie - Serie B Salernitana
11%
V - Brésil - Série A Vasco De Gama
11%
A - Suède - Allsvenkan AIK
10%
B - Angleterre - League One Barnsley
10%
B - Angleterre - League Two Bradford
10%
D - Angleterre - League Two Doncaster
10%
E - Portugal - Liga NOS Estoril
10%
H - Ecosse - ScottishPremiership Hearts
10%
H - Allemagne - Bundesliga Holstein Kiel
10%
K - Allemagne - Bundesliga 2 Karlsruhe
10%
L - Autriche - Bundesliga LASK
10%
L - Chypre - Cyprus League Limassol
10%
L - Belgique - JupilerPro League Louvain
10%
M - Etats-Unis - MLS Minnesota
10%
P - Allemagne - Bundesliga 2 Paderborn
10%
P - Etats-Unis - MLS Philadelphie
10%
P - Etats-Unis - MLS Portland Timbers
10%
R - Angleterre - League One Reading
10%
S - Espagne - LigaHypermotion Santander
10%
W - Angleterre - Championship West Bromwich Albion
10%
W - Angleterre - League Two Wimbledon
10%
A - Brésil - Série A Atletico Mineiro
9%
B - Danemark - Superligaen Brondby
9%
C - Angleterre - League One Cambridge
9%
D - Allemagne - Bundesliga 2 Darmstadt
9%
G - Turquie - Süper Lig Gaziantep
9%
H - Ecosse - ScottishPremiership Hibernian
9%
H - Espagne - LigaHypermotion Huesca
9%
L - Suisse - Super League Lucerne
9%
M - Danemark - Superligaen Midtjylland
9%
N - Angleterre - League One Northampton
9%
S - Etats-Unis - MLS San Diego
9%
S - Portugal - Liga NOS Santa Clara
9%
S - Italie - Serie B Spezia
9%
A - Danemark - Superligaen Aalborg
8%
A - Arabie Saoudite - Saudi Pro League Al Riyad
8%
A - Portugal - Liga NOS Arouca
8%
B - Belgique - JupilerPro League Beerschot
8%
B - Espagne - Liga Hypermotion Burgos
8%
C - Italie - Serie B Cesena
8%
C - Mexique - Liga MX Club America
8%
C - Belgique - JupilerPro League Courtrai
8%
C - Brésil - Série A Cruzeiro
8%
E - Angleterre - League One Exeter
8%
F - Portugal - Liga NOS Famalicao
8%
G - Portugal - Liga NOS Gil Vicente
8%
L - Suisse - Super League Lugano
8%
M - Australie - A League Melbourne City
8%
M - Angleterre - Championship Middlesbrough
8%
P - Angleterre - League Two Port Vale
8%
R - Argentine - PrimeraDivision Rosario Central
8%
S - Suisse - Super League Saint-Gall
8%
S - Suisse - Super League Sion
8%
A - Arabie Saoudite - Saudi Pro League Al Fateh
7%
A - Argentine - PrimeraDivision Argentinos
7%
C - Espagne - LigaHypermotion Cordoba
7%
D - Etats-Unis - MLS DC United
7%
E - Argentine - PrimeraDivision Estudiantes
7%
K - Ecosse - ScottishPremiership Kilmarnock
7%
L - Argentine - PrimeraDivision Lanus
7%
M - Angleterre - League Two Morecambe
7%
S - Turquie - Süper Lig Sivasspor
7%
A - Turquie - Süper Lig Adana Demirspor
6%
A - Arabie Saoudite - Saudi Pro League Al Taawon
6%
A - Grèce - Super League Aris Salonique
6%
C - Angleterre - League Two Colchester
6%
F - Pays-Bas - Eredivisie Fortuna Sittard
6%
G - Pays-Bas - Eredivisie Go Ahead Eagles
6%
G - Allemagne - Bundesliga 2 Greuther Fürth
6%
K - Turquie - Süper Lig Konyaspor
6%
M - Allemagne - Bundesliga 2 Magdebourg
6%
M - Angleterre - League Two MK Dons
6%
N - Portugal - Liga NOS Nacional
6%
N - Etats-Unis - MLS New England
6%
R - Russie - PremierLeague Rostov
6%
S - Etats-Unis - MLS Saint Louis
6%
W - Belgique - Jupiler Pro League Westerlo
6%
A - Angleterre - League Two Accrington
5%
A - Turquie - Süper Lig Alanyaspor
5%
A - Arabie Saoudite - Saudi Pro League Al Khaleej
5%
A - Pays-Bas - Eredivisie Almere
5%
A - Arabie Saoudite - Saudi Pro League Al Wehda
5%
B - Angleterre - League One Bristol Rovers
5%
C - Angleterre - League Two Carlisle
5%
C - Italie - Serie B Catanzaro
5%
C - Angleterre - League Two Chesterfield
5%
C - Etats-Unis - MLS Colorado Rapids
5%
C - Mexique - Liga MX Cruz Azul
5%
D - Ecosse - ScottishPremiership Dundee United
5%
E - Suède - Allsvenkan Elfsborg
5%
F - Portugal - Liga NOS Farense
5%
F - Brésil - Série A Fortaleza
5%
F - Italie - Serie B Frosinone
5%
G - Suisse - Super League Grasshopper Zurich
5%
G - Angleterre - League Two Grimsby
5%
H - Pays-Bas - Eredivisie Heracles
5%
J - Brésil - Série A Juventude
5%
J - Italie - Serie B Juve Stabia
5%
K - Afrique du Sud - PSL Kaizer Chiefs
5%
K - Turquie - Süper Lig Kasimpasa
5%
K - Turquie - Süper Lig Kayserispor
5%
L - Chypre - Cyprus League Larnaca
5%
L - Angleterre - League One Leyton Orient
5%
L - Angleterre - League One Lincoln City
5%
M - Belgique - JupilerPro League Malines
5%
M - Australie - A League Melbourne Victory
5%
M - Espagne - LigaHypermotion Mirandes
5%
M - Italie - Serie B Modène
5%
M - Portugal - Liga NOS Moreirense
5%
M - Ecosse - ScottishPremiership Motherwell
5%
N - Pays-Bas - Eredivisie NAC Breda
5%
N - Pays-Bas - Eredivisie NEC Nimègue
5%
N - Argentine - Primera Division Newell's Old Boys
5%
N - Danemark - Superligaen Nordsjælland
5%
N - Angleterre - League Two Notts County
5%
P - Angleterre - Championship Plymouth Argyle
5%
R - Italie - Serie B Reggiana
5%
R - Croatie - HNL Rijeka
5%
S - Belgique - JupilerPro League Saint-Trond
5%
S - Turquie - Süper Lig Samsunspor
5%
S - Angleterre - League One Stevenage
5%
S - Angleterre - League One Stockport
5%
S - Italie - Serie B Südtirol
5%
U - Allemagne - Bundesliga 2 Ulm
5%
W - Pays-Bas - Eredivisie Willem
5%
W - Angleterre - League One Wycombe
5%
Z - Pays-Bas - Eredivisie Zwolle
5%
A - Arabie Saoudite -Saudi Pro League Al Feiha
4%
A - Arabie Saoudite - Saudi Pro League Al Kholood
4%
A - Arabie Saoudite - Saudi Pro League Al Raed
4%
B - Argentine - PrimeraDivision Banfield
4%
B - Angleterre - League Two Barrow
4%
B - Angleterre - League Two Burton
4%
C - Espagne - LigaHypermotion Castellon
4%
C - Etats-Unis - MLS Columbus Crew
4%
C - Angleterre - League One Crawley Town
4%
H - Pays-Bas - Eredivisie Heerenven
4%
H - Argentine - PrimeraDivision Huracan
4%
O - Afrique Du Sud - PSL Orlando Pirates
4%
P - Mexique - Liga MX Pumas
4%
R - Etats-Unis - MLS Real Salt Lake
4%
S - Angleterre - League Two Salford City
4%
T - Norvège - Eliteserien Tromso
4%
W - Angleterre - League Two Walsall
4%
W - Etats-Unis - MLS Whitecaps
4%
A - Arabie Saoudite - Saudi Pro League Al Okhdood
3%
A - Arabie Saoudite - Saudi Pro League Al Qadisiya
3%
A - Portugal - Liga NOS AVS
3%
B - Brésil - Série A Bragantino
3%
B - Angleterre - League One Bromley
3%
B - Allemagne - Bundesliga 2 Brunswick
3%
C - Italie - Serie B Carrarese
3%
C - Portugal - Liga NOS Casa Pia
3%
C - Angleterre - League Two Cheltenham
3%
C - Italie - Serie B Cittadella
3%
C - Italie - Serie B Cosenza
3%
E - Espagne - LigaHypermotion Eldense
3%
E - Allemagne - Bundesliga 2 Elversberg
3%
E - Portugal - Liga NOS Estrela Amadora
3%
H - Suède - Allsvenkan Hammarby
3%
H - Turquie - Süper Lig Hatayspor
3%
I - Brésil - Série A Internacional
3%
M - Australie - A League Macarthur
3%
M - Angleterre - League One Mansfield
3%
N - Australie - A League Newcastle Jets
3%
P - Angleterre - League One Peterborough
3%
P - Argentine - PrimeraDivision Platense
3%
R - Turquie - Süper Lig Rizespor
3%
R - Angleterre - League One Rotherham
3%
S - Ecosse - ScottishPremiership Saint Mirren
3%
S - Argentine - PrimeraDivision San Lorenzo
3%
S - Angleterre - League Two Swindon Town
3%
T - Angleterre - League Two Tranmere
3%
A - Argentine - PrimeraDivision Aldosivi
2%
A - Arabie Saoudite - Saudi Pro League Al Oruba
2%
B - Brésil - Série A Bahia
2%
B - Islande - Besta Deild Karla Breidablik
2%
C - Espagne - LigaHypermotion Cartagène
2%
C - Australie - A League Central Coast Mariners
2%
C - Ukraine - Premier League Chakthar Donetsk
2%
C - Angleterre - League Two Crewe Alexandra
2%
D - Suède - Allsvenkan Djurgarden
2%
E - Turquie - Süper Lig Eyüpspor
2%
G - Angleterre - League Two Gillingham
2%
G - Argentine - PrimeraDivision Godoy Cruz
2%
G - Turquie - Süper Lig Gotzepe
2%
H - Angleterre - League Two Harrogate Town
2%
L - Norvège - Eliteserien Lillestrom
2%
N - Angleterre - League Two Newport County
2%
P - Allemagne - Bundesliga 2 Preußen Munster
2%
R - Ecosse - Scottish Premiership Ross County
2%
S - Ecosse - ScottishPremiership Saint Johnstone
2%
S - Etats-Unis - MLS San Jose Earthquakes
2%
S - Suède - Allsvenkan Sirius
2%
T - Argentine - PrimeraDivision Talleres
2%
T - Mexique - Liga MX Tigres UANL
2%
T - Autriche - Bundesliga Tirol
2%
W - Pays-Bas - Eredivisie Waalwijk
2%
A - Autriche - Bundesliga Austria Klagenfurt
1%
B - Autriche - Bundesliga Blau Weiss
1%
B - Turquie - Süper Lig Bodrum
1%
C - Brésil - Série A Criciuma
1%
C - Brésil - Série A Cuiaba
1%
F - Espagne - Liga Hypermotion Ferrol
1%
F - Angleterre - League Two Fletwood
1%
G - Argentine - PrimeraDivision Gimnasia La Plata
1%
R - Autriche - Bundesliga Rheindorf Altach
1%
S - Argentine - PrimeraDivision Sarmiento
1%
S - Etats-Unis - MLS Sporting Kansas City
1%
T - Argentine - PrimeraDivision Tucuman
1%
D - Argentine - PrimeraDivision Defensa y Justifia
0%
M - Italie - Serie B Montova
0%
P - Brésil - Série A Paranaense
0%
R - Allemagne - Bundesliga 2 Ratisbonne
0%
S - Norvège - Eliteserien Sarpsborg
0%
W - Angleterre - PremierLeague Worlverhampton
0%
Aucun quiz correspondant
Distribution des résultats
% des personnes avec chaque résultat
Percentile par nombre de réponses
Votre historique - résultats
Vous n’avez pas pris ce quiz